| 000 | 00383nam a22001577a 4500 | ||
|---|---|---|---|
| 003 | OSt | ||
| 008 | 250217b |||||||| |||| 00| 0 eng d | ||
| 041 | _aeng | ||
| 082 |
_a621.4021 _bMUJ/AD |
||
| 100 |
_aMajumdar, Arun S _91119 |
||
| 245 | _aAdvances in Transport Process Vol V | ||
| 250 | _a1st | ||
| 260 |
_aNew Delhi: _bWiley Eastern Ltd, _c1987. |
||
| 300 | _a617p. | ||
| 942 | _cBK | ||
| 999 |
_c19398 _d19398 |
||